| 000 | 00820nac a22002411i 4500 | ||
|---|---|---|---|
| 003 | EG-ScBUE | ||
| 005 | 20260415150100.0 | ||
| 008 | 260415s1998 njuab f b 001 0 eng d | ||
| 020 | _a0132589710 | ||
| 040 |
_aEG-ScBUE _beng _erda _cEG-ScBUE _dEG-ScBUE |
||
| 082 | 0 | 4 |
_a551.4601 _bPIL _222 |
| 100 | 1 |
_aPilson, Michael E. Q., _eauthor. |
|
| 245 | 1 | 3 |
_aAn introduction to the chemistry of the sea / _cMichael E.Q. Pilson. |
| 264 | 1 |
_aUpper Saddle River, N.J. : _bPrentice Hall, _c1998. |
|
| 300 |
_ax, 431 pages : _billustrations, maps ; _c25 cm |
||
| 336 |
_2rdacontent _atext _btxt |
||
| 337 |
_aunmediated _2rdamedia _bn |
||
| 338 |
_avolume _bnc _2rdacarrier |
||
| 504 | _aIncludes bibliographical references and index. | ||
| 650 | 7 |
_aChemical oceanography. _2BUEsh |
|
| 655 | _vReading book | ||
| 942 |
_cBB _2ddc |
||
| 999 |
_c7256 _d7256 |
||